Statistiken für Geographie nach Bild - H

Klicken Sie hier um das Quiz zu spielen!

Allgemein

  • Dieses Quiz wurde 1,109 mal gespielt
  • Das Durchschnittsergebnis liegt bei 12 aus 18

Antwortstatistiken

Answer % Korrekt
Hamburg
95%
Hawaii
95%
Himalaya
93%
Hongkong
88%
Honduras
86%
Haiti
79%
Havanna
74%
Houston
70%
{Hoover} Dam
64%
Hagia Sophia
64%
Helsinki
63%
Hudson
58%
Huronsee
50%
Hadrianswall
48%
Hokkaidō
44%
Hiroshima
38%
Hainan
30%
Hofburg
20%

Verteilung der Resultate

Perzentil nach korrekt beantworteten Fragen

Anzahl Personen mit jedem Resultat

Ihre Resultats-Entwicklung

Sie haben dieses Quiz noch nicht gespielt